| 000 | 02051nam a2200361 a 4500 | ||
|---|---|---|---|
| 001 | ebr10677572 | ||
| 003 | CaPaEBR | ||
| 006 | m u | ||
| 007 | cr cn||||||||| | ||
| 008 | 100416s2011 nyua sb 001 0 eng d | ||
| 010 | _z 2010016085 | ||
| 020 | _z9781616685058 (hardcover) | ||
| 020 | _z9781626183407 (e-book) | ||
| 040 |
_aCaPaEBR _cCaPaEBR |
||
| 035 | _a(OCoLC)834604425 | ||
| 050 | 1 | 4 |
_aRC537 _b.E58 2011eb |
| 082 | 0 | 4 |
_a616.85/27 _222 |
| 245 | 0 | 0 |
_aEnvironment, mood disorders and suicide _h[electronic resource] / _cTeodor T. Postolache and Joav Merrick, editors. |
| 260 |
_aHauppauge, N.Y. : _bNova Science Publishers, _c2011. |
||
| 300 |
_ax, 504 p. : _bill. |
||
| 490 | 1 | _aHealth and human development | |
| 504 | _aIncludes bibliographic references and index. | ||
| 505 | 0 | _asection 1. The physico-chemical environment -- section 2. The environment of the body -- section 3. The temporal environment -- section 4. The perinatal hormonal-immune environment -- section 5. The biological environment -- section 6. The social environment : correctional setting -- section 7. The cultural environment -- section 8. The work place : a comprehensive environmental perspective -- section 9. The electrical environment of the brain -- section 10. The "environment of the mind" -- section 11. The hospital environment -- section 12. Conclusion : policy, research and clinical considerations -- section 13. Acknowledgments. | |
| 533 |
_aElectronic reproduction. _bPalo Alto, Calif. : _cebrary, _d2013. _nAvailable via World Wide Web. _nAccess may be limited to ebrary affiliated libraries. |
||
| 650 | 0 |
_aAffective disorders _xEnvironmental aspects. |
|
| 650 | 0 |
_aSuicide _xEnvironmental aspects. |
|
| 655 | 7 |
_aElectronic books. _2local |
|
| 700 | 1 | _aPostolache, Teodor T. | |
| 700 | 1 |
_aMerrick, Joav, _d1950- |
|
| 710 | 2 | _aebrary, Inc. | |
| 830 | 0 | _aHealth and human development series. | |
| 856 | 4 | 0 |
_uhttp://site.ebrary.com/lib/rucke/Doc?id=10677572 _zAn electronic book accessible through the World Wide Web; click to view |
| 999 |
_c59276 _d59276 |
||